Quizzes
Events
Quiz Creation
Community
Videos
Private Events
Remove Ads
Sign In
Join for FREE
Feedback
Dark Mode
Quiz Categories
Sports
Geography
Music
Movies
Television
Just For Fun
Miscellaneous
History
Literature
Language
Science
Gaming
Entertainment
Religion
Holiday
For Kids
Quiz Lab
Recent
Popular Today
Quiz Kudos Today
Editor Picks
Curator Picks
Quizzes by...
Day
Popularity
Type
Ratings
Length
Year
Community
Subscriptions
Recent Discussions
Orange Saloon
Badges
Playlists
Quests
Create
Leaderboards
Showdown
Live 5
Trivia Bingo
Activity
Puzzle Library
Sporcle Events
Private Events
Virtual Trivia
Globe League
Become a Host
Pub Owners
SporcleCon
Opinionation
Our Games
Videos
Blog
Mobile Apps
Partnerships
Remove Ads and Go Orange
Feedback
Sports
Athletes
MLB
NBA
NHL
NFL
Soccer
Sports Teams
WWE
NCAA
Football
Premier League
Basketball
Baseball
Hockey
Golf
Tennis
Cricket
Rugby
Auto Racing
Olympics
World Cup
Sports
Athletes
MLB
NBA
NHL
NFL
Soccer
Sports Teams
WWE
NCAA
Football
Premier League
Basketball
Baseball
Hockey
Golf
Tennis
Cricket
Rugby
Auto Racing
Olympics
World Cup
Random Quiz
Search Sporcle
×
Quiz Lab
Quiz Lab
Sports
Country
Type in answers that appear in a list
Type in answers that appear in a list
Classic
Best Score? Go Orange.
Countries with the Most Olympic Medals Stats
Can you name the countries with the most Olympic medals (see comment for rules)?
By
MileHiJo
4m
30 Questions
975 Plays
975 Plays
975 Plays
Comments
Comments
Give Quiz Kudos
Give Quiz Kudos
-
- Ratings
hide this ad
Replay
Link that replays current quiz
Next Quiz
Link to next quiz in quiz playlist
You Got
0%
They Got
Avg Score
77%
Avg Friend Score
Upgrade to see
Score Distribution
Jump to the score distribution portion of the page
Score
0/30
Timer
04:00
0
Plays Today
Number of Medals
Country
% Correct
2515
United States
99.9%
1589
Germany (includes East and West Germany)
96.9%
418
China
96.8%
736
United Kingdom
96.7%
718
France
95.6%
398
Russia
95.2%
379
Canada
93.9%
392
Japan
93.1%
622
Italy
92.1%
115
Spain
90.4%
438
Australia
89.9%
593
Sweden
88.3%
425
Norway
86.4%
450
Finland
84.1%
269
Poland
77.9%
Number of Medals
Country
% Correct
271
Austria
76.1%
298
Switzerland
74.4%
246
South Korea
73.9%
108
Greece
73.6%
1339
Soviet Union (includes Unified Team of 1992)
72.2%
171
Denmark
71.8%
323
Netherlands
71.2%
465
Hungary
65.8%
144
Belgium
63.8%
292
Romania
61.4%
101
Ukraine
57.4%
94
Yugoslavia
51.9%
218
Bulgaria
49.3%
168
Czechoslovakia
43.3%
194
Cuba
42.7%
Quiz Playlist
Details
Report
Send in Message
Add To Playlist
Classic:
Type in answers that appear in a list
Quiz Source
Last Updated: Feb 16, 2017
Quiz Scoreboard
CHALLENGE
Sign Up to Join the Scoreboard
Show All
Scores
Hide
Comments
May contain spoilers
Recently Published
Pick 6: Fruits
by JohnFran
Miscellaneous
15s
Click the 1999 NBA Draft
by nibperrychub
Sports
2m
Alphabetical 'K' Countries by Flag Minefield
by ylime102
Geography
3m
More to Explore
Quiz From the Vault
Featured Blog Post
15 Basketball Trivia Facts You Can Be March Mad About
hide this ad
You Might Also Like...
Tags
Country Quiz
Numbers Quiz
Olympics Quiz
Medal
rule
Today's Top Quizzes in Sports
Browse Sports
hide this ad
Today's Top Quizzes in Country
Browse Country
Top Contributed Quizzes in Sports
1
Les joueurs à 100 buts en Ligue 1 Uber Eats
2
Pick 6: NFL Teams
3
MLB 2 truths and a lie: Hall of Fame pitchers
4
Criteria MLB: Left Handed Sluggers
5
2022 World Cup Stars
6
Don't Strike Out: 3000 Strikeouts
7
Millionaire: NBA Finals Edition
8
Pick 6: Minor League Baseball
9
Click the 1998 NBA Draft
10
Pick 6: Olympics
Explore More
Trending Topics
Kpop
Anime
NBA
Crossword
Disney
Harry Potter
Marvel
Soccer
Pokémon
The Office
NFL
Song
Puzzle
WWE
Country
hide this ad
More By:
MileHiJo
Quiz
Plays
Rating
Category
Featured
Created
Double Letter States
217,714
4.33
Geography
Oct 2, 2009
Most Populous City by Time Zone
135,539
4.66
Geography
Oct 7, 2009
Summer Medal Countries
86,104
4.76
Sports
Oct 9, 2009
Countries with the Most Olympic Medals
975
3.73
Sports
Oct 6, 2009
Most Guessed Countries META VERSION
844
3.94
Geography
May 5, 2010
Go to Creator's Profile
Score Distribution
Quiz Creator Spotlight
MileHiJo
Follow
Send a Message
Quizzes Created
-
Created Quiz Play Count
-
More By This Creator
Popular Quizzes Today
1
Countries of Asia Without Outlines Minefield
2
Find the US States - No Outlines Minefield
3
Pick 6: Fruits
4
Alphabetical 'K' Countries by Flag Minefield
5
The Countries of the World
6
Find the US States
7
US States
8
Match the Book to the Film X
More Sports Quizzes
Women's Super League 1 Teams (England) All-Time
Quiz Lab
Trending Quizzes
Pick 6: Mountains
Pick 6: Harry Potter
Pick 6: NFL Teams
Pick 6: Movie Franchises
Pick 6: Flags
Recently Updated
NWSL Teams
pecheneg
Women's Final Four Teams by Year
bhenderson79
Presidents Quartet II
eogle
Anything But Clue(do)
eogle
Anything But Oceanian Capitals
eogle
Anything But 7
eogle
Anything But Thing
eogle
Word Ladder: February 29
pecheneg
Song Title Questions
pecheneg
Women's NCAA Tournament #1 Seeds
pecheneg
Trending Topics
Marvel
Crossword
Anime
Disney
NBA
Kpop
Harry Potter
Puzzle
Soccer
Song
WWE
The Office
Pokémon
Country
NFL
Your Account Isn't Verified!
In order to create a playlist on Sporcle, you need to verify the email address you used during registration. Go to your
Sporcle Settings
to finish the process.
Report this User
Report this user for behavior that violates our
Community Guidelines
.
Details:
Send Report
Go to the Sporcle.com Mobile Site →
Comments